Quiz à choix multiples par images - Zelda Breath of the Wild - Statistiques

Statistiques générales
  • Ce quiz a été pris 164 fois
  • Le résultat moyen est 9 sur 10
Statistiques - réponses
Question Réponse % Correct
Quelle est la première personne rencontrée dans le jeu ?
97%
Lequel de ces personnages, représentés en Amiibo, n'est PAS présent dans le jeu ?
97%
Quel peuple peut-on trouver aux 4 coins d'Hyrule, nombreux et cachés ?
97%
Laquelle de ces captures d'écran n'est PAS tirée du jeu ?
97%
Qui est le chef des Yigas, peuple anciennement Sheikah ayant prêté allégeance à Ganon ?
95%
Qui est le petit frère du prodige Mipha ?
93%
Laquelle de ces créatures divines est Vah'Rudania ?
83%
Sur quelle console n'est JAMAIS sorti le jeu ?
82%
Lequel de ces symboles désigne la rune Cinétis de la tablette Sheikah ?
82%
Quel Prodige dirige la créature divine Vah'Medoh ?
80%
Aucun quiz correspondant
Distribution des résultats
% des personnes avec chaque résultat
Percentile par nombre de réponses
Votre historique - résultats
Vous n’avez pas pris ce quiz